000 00537nam a2200193Ia 4500
005 20250326140740.0
008 250326s9999 xx 000 0 und d
037 _aTextbook
040 _aFMSL
_beng
_cFMSL
041 _aeng
_2eng
084 _aX:8.44 Q11
_qFMSL
100 _aSujatha K
_9303358
245 0 _aManagement of secondary education in India
_cSujatha K; Rani P G
260 _aDelhi
_bDelhi, Shipra
_c2011
365 _b750
650 _aManagement
942 _cTB
_hX:8.44 Q11
999 _c1287125
_d1287125